000 00528nam a2200193 4500
003 OSt
005 20240627014654.0
006 a
008 240627b |||||||| |||| 00| 0 eng d
020 _a9789719408321
040 _aDWCL-Main lib.
_cOC
082 _aFil. 808.3 M578o 2011
100 _aMesias, Ladie
245 _aOver hills and mountains : a novel /
260 _aNaga City :
_bAMS Press,
_cc2011.
300 _b173 p. ;
_c17 cm.
650 _a1. Human rights-stories, plots, etc.
942 _2ddc
_n0
_cBK - FIL
_kFil.
999 _c1451
_d1451